Zóna bývania a občianskej vybavenosti Piešťany

Gespeichert in:
Bibliographische Detailangaben
1. Verfasser: Jančíková, Ľudmila (Verfasst von)
Weitere Verfasser: Pilař, Pavol (Betreuung Doktorarbeit)
Format: Manuskript Buch
Sprache:Slowakisch
Veröffentlicht: 2021
Schlagworte:
Online-Zugang:http://is.stuba.sk/zp/portal_zp.pl?podrobnosti=159317
https://opac.crzp.sk/?fn=detailBiblioForm&sid=4BD9478A3A7038F607283BAC8853
Tags: Tag hinzufügen
Keine Tags, Fügen Sie das erste Tag hinzu!

MARC

LEADER 00000ntm a22000003a 4500
001 stuzp83788
003 SK-STU
005 20230512145028.6
007 ta
008 150427s2015----xo-----f-mn---000-0-slo-d
040 |a STU  |b slo 
041 0 |a slo 
100 1 |a Jančíková, Ľudmila  |u 010310  |4 aut  |U SvF Stavebná fakulta  |T SvF Katedra architektúry  |X 62668  |U V181|V310  |Y 19  |7 62668 
242 0 1 |a Multifunction Zone in Central Area of Piešťany  |y eng 
245 1 0 |a Zóna bývania a občianskej vybavenosti Piešťany 
260 |c 2021 
650 4 |a administratíva  |2 slo 
650 4 |a Prior  |2 slo 
650 4 |a Piešťany  |2 slo 
650 4 |a bývanie  |2 slo 
650 4 |a polyfunkcia  |2 slo 
650 4 |a Prior  |2 eng 
650 4 |a Multifunction zone  |2 eng 
650 4 |a Piešťany  |2 eng 
650 4 |a accommodation  |2 eng 
650 4 |a administration  |2 eng 
700 1 |a Pilař, Pavol  |u 010310  |k Z1  |4 ths  |U SvF Stavebná fakulta  |T SvF Katedra architektúry  |X 59136  |U V181|V310  |Y 19  |7 A000059136 
856 4 |u http://is.stuba.sk/zp/portal_zp.pl?podrobnosti=159317 
856 4 |u https://opac.crzp.sk/?fn=detailBiblioForm&sid=4BD9478A3A7038F607283BAC8853